Zastosowanie metody reprezentacyjnej w badaniach spoleczno-ekonomicznych

Salvato in:
Dettagli Bibliografici
Natura: Libro
Lingua:polacco
Pubblicazione: Warszawa Wyd. Naukowe 1988
Edizione:1. wyd.
Tags: Aggiungi Tag
Nessun Tag, puoi essere il primo ad aggiungerne!!

MARC

LEADER 00000nam a2200000 4500
001 c032807
005 20250516124022.5
041 0 |a pol 
044 |a PL 
245 1 0 |a Zastosowanie metody reprezentacyjnej w badaniach spoleczno-ekonomicznych 
250 |a 1. wyd. 
264 1 |a Warszawa  |b Wyd. Naukowe  |c 1988 
300 |a 308 s.